• 首页
  • 本馆介绍
  • 公告通知
  • 最新文献
  • 馆藏检索
  • 电子资源
  • 读者导购
  • 参考咨询
  • 我的图书馆
  • 登录
  • 详细信息显示
  • 放入我的书架
  • 预约/预借图书
  • 作者相关作品
  • 分类相关作品
  • 丛书相关作品
  • 出版社相关作品

书目信息

  • 表格格式
  • 工作单格式
  • 卡片格式
题名:
绿色建筑设计概论
    
 
作者: 刘经强 , 田洪臣 , 赵恩西 主编
分册:  
出版信息: 北京   化学工业出版社  2016.7
页数: 322页
开本: 26cm
丛书名: 绿色建筑工程设计技术丛书
单 册:
中图分类: TU201.5
科图分类:
主题词: 生态建筑--建筑设计
电子资源:
ISBN: 978-7-122-25448-1
000 00999nam 2200277 450
001 0400003491
005 20171022095934.0
010    @a978-7-122-25448-1@dCNY85.00
100    @a20160718e2016 em y0chiy50 ea
101 0  @achi
102    @aCN@b110000
105    @aa z 000yy
106    @ar
200 1  @a绿色建筑设计概论@9lv se jian zhu she ji gai lun@f刘经强,田洪臣,赵恩西主编
210    @a北京@c化学工业出版社@d2016.7
215    @a322页@c图@d26cm
225 1  @a绿色建筑工程设计技术丛书
330    @a本书根据我国新规范、标准和方法,比较系统地介绍了绿色建筑概论、绿色建筑的规划设计、不同气候区域绿色建筑设计特点、绿色建筑设计要素、各种常见类型绿色建筑设计、绿色建筑设计有关规范等。
461  0 @12001 @a绿色建筑工程设计技术丛书
606 0  @a生态建筑@x建筑设计
690    @aTU201.5@v5
701  0 @a刘经强@9liu jing qiang@4主编
701  0 @a田洪臣@9tian hong chen@4主编
701  0 @a赵恩西@9zhao en xi@4主编
801  0 @aCN@b91MARC@c20171022
905    @b1022755-9@dTU201.5@f5@e1029
    
    绿色建筑设计概论/刘经强,田洪臣,赵恩西主编.-北京:化学工业出版社,2016.7
    322页:图;26cm.-(绿色建筑工程设计技术丛书)
    
    
    ISBN 978-7-122-25448-1:CNY85.00
    本书根据我国新规范、标准和方法,比较系统地介绍了绿色建筑概论、绿色建筑的规划设计、不同气候区域绿色建筑设计特点、绿色建筑设计要素、各种常见类型绿色建筑设计、绿色建筑设计有关规范等。
●
相关链接 在E读中查询图书 在五车中查询图书 在当当中查询图书 在豆瓣中查询图书


正题名:绿色建筑设计概论     索取号:TU201.5/1029         预约/预借

序号 登录号 条形码 馆藏地/架位号 状态 备注
1 1022755   210227556   第二样本阅览室/ [索取号:TU201.5/1029] 在馆    
2 1022756   210227565   密集书库-生命科学系/ [索取号:TU201.5/1029] 在馆    
3 1022757   210227574   第三借阅区/ [索取号:TU201.5/1029] 在馆    
4 1022758   210227583   第三借阅区/ [索取号:TU201.5/1029] 在馆    
5 1022759   210227592   第三借阅区/ [索取号:TU201.5/1029] 在馆    
唐山师范学院图书馆 欢迎您!
大连网信软件有限公司© 版权所有